| 000 | 01123nam a22003257a 4500 | ||
|---|---|---|---|
| 003 | CHAP | ||
| 005 | 20220329140836.0 | ||
| 008 | 971013s1985 r 00010 d | ||
| 010 | _a58462 | ||
| 011 | _a59434 | ||
| 035 | _a63592 | ||
| 040 | _cCHAP | ||
| 082 |
_a631.309494 _bS8 1985 |
||
| 110 |
_aSuiza. Oficina de Expansión Comercial _9110612 |
||
| 245 |
_aAgricultura e industria alimenticia _b: consultoría, equipo, material |
||
| 260 |
_aLausana, Suiza : _bOficina Suiza para el Fomento del Comercio, _c1985 |
||
| 300 |
_a79 p. _b: ilus. |
||
| 490 |
_aSuiza-su asociada _v; 2 |
||
| 590 |
_aBATCH-UPD _b10 _c20130110 _lUCH01 _h0626 |
||
| 590 |
_aBATCH-UPD _b10 _c20130410 _lUCH01 _h0310 |
||
| 590 |
_aBATCH-UPD _b10 _c20130914 _lUCH01 _h0144 |
||
| 590 |
_aCONVERSION _b10 _c20130109 _lUCH01 _h1331 |
||
| 650 | 1 | 4 |
_aAlimentos _xIndustria. _94227 |
| 650 | 1 | 4 |
_aMaquinaria agrícola _xDirectorios _xSuiza. _971167 |
| 650 | 1 | 4 |
_aMaquinaria agrícola _xSuiza. _971201 |
| 830 | 0 |
_aSuiza-su asociada _v; 2 _9110610 |
|
| 901 | _aBK | ||
| 942 | _cLIBRO | ||
| 949 |
_a631.309494 S8 1985 _bBC _cC _d33724000121232 _eC _h68367 _i63592 _mD _si |
||
| 999 |
_c58462 _d58462 |
||